000 00663nam a2200205 i 4500
001 89838
003 ES-MaACL
005 20230906180301.0
007 t|
008 050114s1981 sp ||||1| spa d
100 1 _aLauzeral, Pierre.
_970674
245 1 0 _aTeresa de Jesús, 1582-1982
_b: álbum del 4º Centenario 1582-1982 /
_cP. Lauzeral, M. Kieffer, G. Demonchy.
260 _a[Madrid] :
_bPaulinas,
_c[1981]
300 _a90 p., 1 lám. :
_bil. ;
_c24 cm.
600 0 0 _aTeresa de Jesús,
_cSanta,
_d1515-1582
_9226510
700 1 _aKieffer, M.
_968009
700 1 _aDemonchy, G.
_943662
852 _aES-MaACL
_jL-1350
_bR.102032
999 _c89838
_d89838